Avances en nutrición animal / (Record no. 19731)

MARC details
000 -LEADER
campo de control de longitud fija 00667nam a2200205 i 4500
001 - NÚMERO DE CONTROL
campo de control 19731
003 - IDENTIFICADOR DE NÚMERO DE CONTROL
campo de control ES-MaACL
005 - FECHA Y HORA DE LA ÚLTIMA TRANSACCIÓN
campo de control 20230906152145.0
007 - CAMPO FIJO DE DESCRIPCIÓN FÍSICA--INFORMACIÓN GENERAL
campo de control de longitud fija t|
008 - DATOS DE LONGITUD FIJA--INFORMACIÓN GENERAL
campo de control de longitud fija 021009s1968 sp ||||1| spa d
100 1# - ENTRADA PRINCIPAL--NOMBRE DE PERSONA
Nombre de persona Abrams, John T.,
9 (RLIN) 18135
245 10 - MENCIÓN DEL TÍTULO
Título Avances en nutrición animal /
Mención de responsabilidad, etc. J.T. Abrams ; traducido por Manuel Ocaña, Arsenio Fraile Orejero y Pascual López Lorenzo.
260 ## - PUBLICACIÓN, DISTRIBUCIÓN, ETC.
Lugar de publicación, distribución, etc. Zaragoza :
Nombre del editor, distribuidor, etc. Acribia,
Fecha de publicación, distribución, etc. [1968]
300 ## - DESCRIPCIÓN FÍSICA
Extensión VIII, 303 p. ;
Dimensiones 22 cm.
700 1# - ENTRADA AGREGADA--NOMBRE PERSONAL
Nombre de persona Ocaña, Manuel.
9 (RLIN) 86457
700 1# - ENTRADA AGREGADA--NOMBRE PERSONAL
Nombre de persona Fraile Ovejero, Arsenio.
9 (RLIN) 52113
700 1# - ENTRADA AGREGADA--NOMBRE PERSONAL
Nombre de persona López Lorenzo, Pascual.
9 (RLIN) 73738
852 ## - LOCALIZACIÓN
Ubicación ES-MaACL
Número de control de estantería C-50470
Sublocalización o colección R.66460
Holdings
Estatus retirado Estado de pérdida Estado de daño No para préstamo Biblioteca de origen Biblioteca actual Ubicación en estantería Fecha de adquisición Fuente de adquisición Total de préstamos Signatura topográfica completa Código de barras Visto por última vez Precio de reemplazo Tipo de ítem Koha
        Biblioteca del Ateneo de Madrid Biblioteca del Ateneo de Madrid Depósito 2 17/01/2008     C-50470 1020201 23/02/2023 23/02/2023 Libro impreso